Intermediate accounting: (Record no. 125094)
[ view plain ]
| 000 -LEADER | |
|---|---|
| fixed length control field | 00451cam a2200145 4500 |
| 008 - FIXED-LENGTH DATA ELEMENTS--GENERAL INFORMATION | |
| fixed length control field | 150320n 000 0 eng u |
| 020 ## - INTERNATIONAL STANDARD BOOK NUMBER | |
| International Standard Book Number | 9780471749592 |
| 035 ## - SYSTEM CONTROL NUMBER | |
| System control number | (Sirsi) a188974 |
| 050 ## - LIBRARY OF CONGRESS CALL NUMBER | |
| Classification number | HF 5635 INT 2007 |
| 245 ## - TITLE STATEMENT | |
| Title | Intermediate accounting: |
| Remainder of title | study guide vol.1, chapter 1-14/ |
| Statement of responsibility, etc. | Douglas W. Kieso...[et al.] |
| 250 ## - EDITION STATEMENT | |
| Edition statement | 12th ed. |
| 260 ## - PUBLICATION, DISTRIBUTION, ETC. | |
| Place of publication, distribution, etc. | Hoboken, N.J. : |
| Name of publisher, distributor, etc. | Wiley, |
| Date of publication, distribution, etc. | c2007. |
| 650 ## - SUBJECT ADDED ENTRY--TOPICAL TERM | |
| Topical term or geographic name entry element | Accounting |
| 700 ## - ADDED ENTRY--PERSONAL NAME | |
| Personal name | Kieso, Douglas W. |
| Withdrawn status | Lost status | Source of classification or shelving scheme | Damaged status | Not for loan | Home library | Current library | Shelving location | Total Checkouts | Full call number | Barcode | Date last seen | Copy number | Price effective from | Koha item type |
|---|---|---|---|---|---|---|---|---|---|---|---|---|---|---|
| Library of Congress Classification | Main Library | Main Library | On Shelf | HF 5635 INT 2007 | 33729005261776 | 08/22/2019 | 1 | 08/22/2019 | Book |